000 00458cam a2200145 4500500
005 20260329012501.0
041 _afre
042 _adc
100 1 0 _aSibony, Judith
_eauthor
245 0 0 _aPina Bausch pour toujours
260 _c2025.
500 _a46
786 0 _nRevue des deux Mondes | Septembre | 6 | 2025-09-01 | p. 82-86 | 2266-4734
856 4 1 _uhttps://shs.cairn.info/revue-revue-des-deux-mondes-2025-6-page-82?lang=fr&redirect-ssocas=7080
999 _c1871445
_d1871444